| 000 | 00421nab a2200145Ia 4500 | ||
|---|---|---|---|
| 003 | ES-SlBCS | ||
| 005 | 20210601125230.0 | ||
| 008 | 140529s1972 xxu||||| |||| 00| 0 eng d | ||
| 041 | _aeng | ||
| 100 | 1 |
_aPearson, Clive Ingram _9155724 |
|
| 245 | 0 | 0 |
_aWorldhood _c Clive Ingram Pearson |
| 650 | 0 | 4 |
_aMundo _9101161 |
| 773 | 0 |
_tPhilosophy and Phenomenological Research _gvol. 32, 1972, págs. 488-499 _wRev1411 |
|
| 942 | _cAR | ||
| 999 |
_c526918 _d526918 |
||